000 00482nam a2200145Ia 4500
008 100204s9999 xx 000 0 und d
082 _b24382
100 _aकोर्डे अमित
245 _aजनुकाचा नकाशा
260 _b"ग्रंथाली ज्ञानयज्ञ , मुंबई"
_c2000
300 _a71
630 _aजनुकाचा नकाशा
730 _aजनुकाचा नकाशा
942 _cBOOK
999 _c469563
_d469560